| 000 | 011530000a22002410004500 | ||
|---|---|---|---|
| 020 | _a978-958-716-148-9 | ||
| 082 | 0 | 4 | _aG 282 N415r |
| 100 | 1 | _aNeira, German, (S.J.) | |
| 245 | 1 | 0 | _aReligión popular católica latinoamericana : dialéctica de interpretaciones (1960-1980) / Germán Neira |
| 260 | _aBogotá : Pontificia Universidad Javeriana | ||
| 300 | _a2 v., 212p. ; 24 cm | ||
| 440 | 0 | _aCol. libros de investigación | |
| 501 | _arústico | ||
| 504 | _aIncluye referencias bibliográficas | ||
| 505 | 0 | 0 | _aLa dialéctica como especialización funcional en las disciplinas humanas -- Aprehensión del valor: comparación de los contextos -- Aprehensión del valor: comparación por niveles de la escala de valores -- Del juicio del valor a la decisión por el valor -- El dinamismo de los sentimientos y los valores en el proceso de decidir |
| 650 | 1 | 4 | _aIGLESIA CATOLICA - AMERICA LATINA \ IGLESIA Y PROBLEMAS MUNDIALES |
| 710 | 1 | _aPontificia Universidad Javeriana (Bogota), ed | |
| 001 | 17985 | ||
| 942 | _cBK | ||
| 999 |
_c44478 _d44478 |
||
| 336 |
_atexto _btxt _2rdacontent |
||
| 337 |
_2rdamedia _asin mediación _bn |
||
| 338 |
_2rdacarrier _avolumen _bnc |
||